[Event "DVM U20 2016"]
[Site "Borken-Gemen GER"]
[Date "2016.12.28"]
[Round "3"]
[White "Rempe, Moritz"]
[Black "Wenninger, Patrick"]
[Result "0-1"]
[Termination "normal"]
[Board "5.2"]
[WhiteElo "2105"]
[BlackElo "1841"]
[WhiteTeam "SG Bochum"]
[BlackTeam "Heilbronner SV"]
[PlyCount "90"]
[WhiteFideId "12906867"]
[BlackFideId "12927880"]
[EventCountry "GER"]
[EventRounds "7"]
[EventType "team-swiss"]
[EventDate "2016.12.26"]

1.e4 c6 2.d4 d5 3.e5 Bf5 4.h4 h5 5.c4 e6 6.Nc3 Nd7 7.cxd5 cxd5 8.Nge2 Ne7 9.Ng3
g6 10.Bg5 Qb6 11.Bxe7 Bxe7 12.Nxf5 gxf5 13.Bb5 Rd8 14.Qd2 Rg8 15.Be2 Nb8 16.Rd1
Nc6 17.Kf1 Rh8 18.Rh3 Kd7 19.Na4 Qb4 20.Qxb4 Bxb4 21.a3 Be7 22. f4 Ke8 23.Kf2
f6 24.Nc3 Kf7 25.Bf3 Na5 26.Be2 Rc8 27.Bb5 a6 28.Be2 Nc4 29. Rb1 Kg6 30.Bxc4
Rxc4 31.Ne2 Rhc8 32.Rc3 fxe5 33.fxe5 Bxh4+ 34.g3 Bg5 35. Rd1 b5 36.Rdd3 Rxc3
37.Rxc3 Rxc3 38.Nxc3 f4 39.Ne2 fxg3+ 40.Kxg3 Kf5 41.b3 Bd2 42.a4 b4 43.Ng1 Bc3
44.Ne2 a5 45.Kf3 Kg5 0-1

[Event "DVM U20 2016"]
[Site "Borken-Gemen GER"]
[Date "2016.12.28"]
[Round "3"]
[White "Degenhard, Simon"]
[Black "Pilat, Fabian"]
[Result "1-0"]
[Termination "normal"]
[Board "5.3"]
[WhiteElo "1979"]
[BlackElo "1931"]
[WhiteTeam "Heilbronner SV"]
[BlackTeam "SG Bochum"]
[PlyCount "89"]
[WhiteFideId "12944017"]
[BlackFideId "24683396"]
[EventCountry "GER"]
[EventRounds "7"]
[EventType "team-swiss"]
[EventDate "2016.12.26"]

1.e4 c5 2.d4 cxd4 3.c3 d3 4.Bxd3 e6 5.Nf3 d6 6.c4 Qc7 7.Nc3 a6 8.Be3 Nd7 9.O-O
Ngf6 10.h3 Be7 11.Rc1 b6 12.Qe2 Bb7 13.Bb1 O-O 14.Rfd1 Rac8 15.b3 Qb8 16.Bf4
Rfd8 17.Bg3 Ne5 18.Nd4 Qa8 19.Qe3 Nfd7 20.Re1 g6 21.Nde2 Nc5 22.Nf4 a5 23.h4
Ng4 24.Qe2 Ne5 25.h5 Bf6 26.Nb5 d5 27.exd5 exd5 28.cxd5 Ba6 29.hxg6 hxg6 30.Bc2
Ned7 31.a4 Nf8 32.Qg4 Rxd5 33.Nxd5 Qxd5 34.Nc7 Qg5 35.Qxg5 Bxg5 36.Rcd1 Bb7
37.Nb5 Ba8 38.Bd6 Nce6 39.Be4 Bxe4 40.Rxe4 Bf6 41.g3 Rc2 42.Rc4 Rb2 43.Rd3 Ng5
44.Kg2 Kg7 45.Bc7 1-0

[Event "DVM U20 2016"]
[Site "Borken-Gemen GER"]
[Date "2016.12.28"]
[Round "3"]
[White "Lahouel, Kim-Luca"]
[Black "Wübker, Paul-Luca"]
[Result "0-1"]
[Termination "normal"]
[Board "5.5"]
[WhiteElo "1740"]
[BlackElo "1751"]
[WhiteTeam "Heilbronner SV"]
[BlackTeam "SG Bochum"]
[PlyCount "108"]
[WhiteFideId "12979503"]
[BlackFideId "12939528"]
[EventCountry "GER"]
[EventRounds "7"]
[EventType "team-swiss"]
[EventDate "2016.12.26"]

1.e4 c5 2.c3 Nf6 3.e5 Nd5 4.d4 cxd4 5.Nf3 Nc6 6.cxd4 e6 7.Bc4 Nb6 8.Bb3 d5
9.O-O Be7 10.Nc3 O-O 11.a3 Bd7 12.Qd3 a6 13.Bc2 g6 14.Bh6 Re8 15.Rfe1 Nc4
16.Nd1 Rc8 17.Rb1 Na7 18.Ne3 Bb5 19.Nxc4 dxc4 20.Qe3 Bc6 21.Ng5 Nb5 22. Rbd1
Nc7 23.Qf4 Rf8 24.Ne4 Bxe4 25.Bxe4 Re8 26.Bxb7 Rb8 27.Bc6 Rxb2 28. Bxe8 Qxe8
29.Rc1 Nd5 30.Qf3 Qb5 31.Qd3 Bg5 32.Rxc4 Bxh6 33.Rc8+ Kg7 34.Qe4 Bd2 35.a4 Qb7
36.Rcc1 Bxc1 37.Rxc1 Ra2 38.h3 Rxa4 39.Qd3 Qb5 40.Qd2 Qb4 41.Qg5 Qxd4 42.g3 Ra1
43.Rxa1 Qxa1+ 44.Kg2 a5 45.h4 Qd1 46.h5 h6 47.Qh4 Qxh5 48.Qd4 Qf5 49.f4 Qc2+
50.Kh3 a4 51.Qa7 Qb3 52.Qd4 a3 53.Kh4 Qf3 54. Kh3 Nxf4+ 0-1

[Event "DVM U20 2016"]
[Site "Borken-Gemen GER"]
[Date "2016.12.28"]
[Round "3"]
[White "Gerzen, Robin"]
[Black "Schäfer, Daniel"]
[Result "1-0"]
[Termination "normal"]
[Board "5.6"]
[WhiteElo "1653"]
[BlackElo "1454"]
[WhiteTeam "SG Bochum"]
[BlackTeam "Heilbronner SV"]
[PlyCount "61"]
[WhiteFideId "16206819"]
[BlackFideId "16235088"]
[EventCountry "GER"]
[EventRounds "7"]
[EventType "team-swiss"]
[EventDate "2016.12.26"]

1.e4 e6 2.d4 d5 3.Nc3 Nf6 4.Bg5 Be7 5.e5 Nfd7 6.h4 c5 7.Bxe7 Kxe7 8.Qg4 Rg8
9.Nf3 Nc6 10.O-O-O cxd4 11.Nxd4 Ndxe5 12.Qg5+ f6 13.Qe3 Qb6 14.f4 Nxd4 15.Rxd4
Nc6 16.Nxd5+ Kf7 17.Nxb6 axb6 18.Rd1 Rxa2 19.Kb1 Nb4 20.Bc4 Ra1+ 21.Kxa1 Nxc2+
22.Kb1 Nxe3 23.Rc1 Nxg2 24.f5 Nf4 25.Rhf1 Nd5 26.Bxd5 exd5 27.Rc7+ Bd7 28.Rxd7+
Ke8 29.Rxb7 h6 30.Rc1 g5 31.Rc8# 1-0

[Event "DVM U20 2016"]
[Site "Borken-Gemen GER"]
[Date "2016.12.28"]
[Round "3"]
[White "Dürr, Florian"]
[Black "Flüchter, Gregor"]
[Result "1/2-1/2"]
[Termination "normal"]
[Board "6.1"]
[WhiteElo "1887"]
[BlackElo "2168"]
[WhiteTeam "SC Erlangen"]
[BlackTeam "SF Brackel"]
[PlyCount "42"]
[WhiteFideId "24659134"]
[BlackFideId "12903396"]
[EventCountry "GER"]
[EventRounds "7"]
[EventType "team-swiss"]
[EventDate "2016.12.26"]

1.e4 c5 2.Nf3 Nc6 3.d4 cxd4 4.Nxd4 e5 5.Nb5 a6 6.Nd6+ Bxd6 7.Qxd6 Qe7 8. Qd1
Nf6 9.Nc3 d6 10.Bg5 Be6 11.Nd5 Bxd5 12.exd5 Nb8 13.Be2 Nbd7 14.O-O O-O 15.c4 h6
16.Be3 Rfb8 17.b4 a5 18.a3 axb4 19.axb4 Rxa1 20.Qxa1 b5 21.Qa5 bxc4 1/2-1/2

[Event "DVM U20 2016"]
[Site "Borken-Gemen GER"]
[Date "2016.12.28"]
[Round "3"]
[White "Stemmler, Fabian"]
[Black "Tong, Kevin"]
[Result "1/2-1/2"]
[Termination "normal"]
[Board "6.2"]
[WhiteElo "2087"]
[BlackElo "2149"]
[WhiteTeam "SF Brackel"]
[BlackTeam "SC Erlangen"]
[PlyCount "73"]
[WhiteFideId "12964808"]
[BlackFideId "12913944"]
[EventCountry "GER"]
[EventRounds "7"]
[EventType "team-swiss"]
[EventDate "2016.12.26"]

1.d4 d5 2.Bf4 Nf6 3.e3 c6 4.Nf3 Bf5 5.c4 e6 6.Nc3 Nbd7 7.Be2 h6 8.h3 Be7 9.Qb3
Qb6 10.c5 Qxb3 11.axb3 O-O 12.b4 a6 13.O-O Ne4 14.Nxe4 Bxe4 15.Nd2 Bg6 16.Nb3
Bf6 17.Bd6 Rfe8 18.f4 Nf8 19.Na5 Ra7 20.Ra3 Be4 21.Rfa1 Ng6 22. Nb3 Nh4 23.g4
Nf3+ 24.Bxf3 Bxf3 25.Kf2 Be4 26.Kg3 Be7 27.Bxe7 Rxe7 28.Ra5 Bd3 29.Nc1 Bc4
30.b3 Bb5 31.Na2 Ra8 32.Nc3 Rc8 33.Nxb5 cxb5 34.R5a2 f6 35. Rc1 Rc6 36.Re1 f5
37.Rae2 1/2-1/2

[Event "DVM U20 2016"]
[Site "Borken-Gemen GER"]
[Date "2016.12.28"]
[Round "3"]
[White "Diller, Daniel"]
[Black "Elier, Ali"]
[Result "1-0"]
[Termination "normal"]
[Board "6.3"]
[WhiteElo "1982"]
[BlackElo "1859"]
[WhiteTeam "SC Erlangen"]
[BlackTeam "SF Brackel"]
[PlyCount "57"]
[WhiteFideId "12908983"]
[BlackFideId "16217543"]
[EventCountry "GER"]
[EventRounds "7"]
[EventType "team-swiss"]
[EventDate "2016.12.26"]

1.c4 Nf6 2.g3 g6 3.Bg2 Bg7 4.Nc3 O-O 5.e4 d6 6.Nge2 c5 7.O-O Na6 8.d4 cxd4
9.Nxd4 Nc7 10.h3 Ne6 11.Nde2 Qc7 12.b3 Bd7 13.Be3 Rac8 14.Qd2 Rfd8 15.Rac1 Qb8
16.Nd5 Nxd5 17.exd5 Nc7 18.b4 b5 19.c5 dxc5 20.Bxc5 Be6 21.Bxe7 Rd7 22.d6 Re8
23.dxc7 Qc8 24.Bd6 Bc4 25.Rxc4 bxc4 26.Bc6 Be5 27.Bxd7 Qxd7 28. Rd1 c3 29.Nxc3
1-0

[Event "DVM U20 2016"]
[Site "Borken-Gemen GER"]
[Date "2016.12.28"]
[Round "3"]
[White "Wastian, Jan"]
[Black "Haas, Maximilian"]
[Result "0-1"]
[Termination "normal"]
[Board "6.4"]
[WhiteElo "1960"]
[BlackElo "1752"]
[WhiteTeam "SF Brackel"]
[BlackTeam "SC Erlangen"]
[PlyCount "62"]
[WhiteFideId "12911640"]
[BlackFideId "12959219"]
[EventCountry "GER"]
[EventRounds "7"]
[EventType "team-swiss"]
[EventDate "2016.12.26"]

1.e4 e6 2.Nf3 d5 3.Nc3 Nf6 4.e5 Nfd7 5.d4 c5 6.Bg5 Qb6 7.dxc5 Bxc5 8.Qd2 Nc6
9.O-O-O h6 10.Bf4 Bxf2 11.Na4 Qb4 12.Qxf2 Qxf4+ 13.Kb1 Qxa4 14.Nd4 a6 15.Be2
O-O 16.Nb3 Ncxe5 17.Rd4 Qc6 18.Rg1 Nf6 19.g4 Ng6 20.h4 e5 21.Rd3 Ne4 22.Qh2 Nf4
23.Rf3 g6 24.Bd3 Nf6 25.g5 Ng4 26.Qd2 Nh5 27.Be2 Bf5 28.Nd4 Qb6 29.Rd1 Be4
30.Rff1 Bg2 31.Bxg4 Bxf1 0-1

[Event "DVM U20 2016"]
[Site "Borken-Gemen GER"]
[Date "2016.12.28"]
[Round "3"]
[White "Kantor, Nikita"]
[Black "Grüninger, Maxim"]
[Result "1-0"]
[Termination "normal"]
[Board "6.6"]
[WhiteElo "1916"]
[BlackElo "1556"]
[WhiteTeam "SF Brackel"]
[BlackTeam "SC Erlangen"]
[PlyCount "89"]
[WhiteFideId "12990922"]
[BlackFideId "12942960"]
[EventCountry "GER"]
[EventRounds "7"]
[EventType "team-swiss"]
[EventDate "2016.12.26"]

1.d4 d5 2.c4 dxc4 3.Nf3 Nc6 4.d5 Nb4 5.Qa4+ c6 6.Qxb4 e6 7.Qxc4 exd5 8.Qc2 Nf6
9.e3 Bg4 10.Be2 Bd6 11.h3 Be6 12.Nc3 Qd7 13.Nd4 O-O 14.Nxe6 fxe6 15. O-O Qe7
16.e4 Bc7 17.f4 Rf7 18.e5 Nd7 19.Be3 Raf8 20.Na4 a6 21.Nc5 Bb6 22. b4 Nxc5
23.bxc5 Bc7 24.Rf3 Rd8 25.Rd1 g6 26.g4 Rdf8 27.Rdf1 Bb8 28.Bd4 Bc7 29.Bd3 Bb8
30.Qf2 Bc7 31.Kh1 Bb8 32.Rg1 Bc7 33.Qd2 Bd8 34.g5 Qe8 35.h4 Re7 36.Rg2 Ref7
37.Rh2 Be7 38.Qf2 Bd8 39.Qg3 Rg7 40.Qg4 Bc7 41.h5 Kf7 42.hxg6+ hxg6 43.Bxg6+
Rxg6 44.Rh7+ Kg8 45.Qh5 1-0

[Event "DVM U20 2016"]
[Site "Borken-Gemen GER"]
[Date "2016.12.28"]
[Round "3"]
[White "Pixa, Richard"]
[Black "Merkel, Toni"]
[Result "1-0"]
[Termination "normal"]
[Board "7.1"]
[WhiteElo "2080"]
[BlackElo "1910"]
[WhiteTeam "SV Mattnetz Berlin"]
[BlackTeam "SK König Plauen"]
[PlyCount "143"]
[WhiteFideId "4626095"]
[BlackFideId "12902624"]
[EventCountry "GER"]
[EventRounds "7"]
[EventType "team-swiss"]
[EventDate "2016.12.26"]

1.d4 Nf6 2.c4 g6 3.Nc3 Bg7 4.e4 d6 5.f3 O-O 6.Be3 e5 7.d5 Nh5 8.Qd2 f5 9. Bd3
a5 10.Nge2 f4 11.Bf2 Na6 12.b3 b6 13.a3 Bd7 14.Nc1 h6 15.Rb1 Qg5 16. Rg1 Nc5
17.Bc2 Qe7 18.b4 axb4 19.axb4 Nb7 20.Nb3 Ra3 21.Ke2 Rfa8 22.Ra1 Rxa1 23.Rxa1
Rxa1 24.Nxa1 Bf6 25.Qe1 g5 26.h3 Qf8 27.Nb3 Qa8 28.Qa1 Qxa1 29.Nxa1 Be7 30.Ba4
Bxa4 31.Nxa4 Nf6 32.Nb3 Nd7 33.Nc3 Nb8 34.Kd3 Na6 35. Na2 Kf7 36.Kc3 Ke8
37.Nac1 Kd7 38.Nd3 Kc8 39.Kb2 Kd7 40.Ka3 Kc8 41.Ka4 Kd7 42.Bg1 Kc8 43.Kb5 Nb8
44.c5 bxc5 45.bxc5 dxc5 46.Nbxc5 Nd6+ 47.Ka4 Bf6 48. Nb4 Nd7 49.Nxd7 Kxd7
50.Nc6 Nc4 51.Kb4 Nd2 52.Kc3 Nb1+ 53.Kd3 Na3 54.Bc5 Nb5 55.Bb4 Nd6 56.Bc3 Nf7
57.Kc4 Nd6+ 58.Kc5 Nf7 59.Kb5 Nd6+ 60.Kb4 Nf7 61.Ka5 Bg7 62.Ka6 Bf6 63.Ka7 Kc8
64.Bb2 h5 65.Bc3 Kd7 66.Kb8 Bg7 67.Ba5 Nd6 68.Bxc7 Nc4 69.Kb7 Nd6+ 70.Bxd6 Kxd6
71.Kc8 Bf6 72.Nd8 1-0

[Event "DVM U20 2016"]
[Site "Borken-Gemen GER"]
[Date "2016.12.28"]
[Round "3"]
[White "Fischer, Erik"]
[Black "Doering, Andre Patrick"]
[Result "1-0"]
[Termination "normal"]
[Board "7.2"]
[WhiteElo "1865"]
[BlackElo "1806"]
[WhiteTeam "SK König Plauen"]
[BlackTeam "SV Mattnetz Berlin"]
[PlyCount "91"]
[WhiteFideId "12956678"]
[BlackFideId "4697480"]
[EventCountry "GER"]
[EventRounds "7"]
[EventType "team-swiss"]
[EventDate "2016.12.26"]

1.e4 d5 2.exd5 Qxd5 3.Nc3 Qd6 4.d4 Nf6 5.Bd3 a6 6.Nge2 Nc6 7.O-O Bg4 8.f3 Bh5
9.Be3 e6 10.Qd2 Qd7 11.a3 Bd6 12.Ne4 Nd5 13.Nxd6+ cxd6 14.Bf2 Nf6 15. Bh4 Bg6
16.Rfe1 Ne7 17.c4 O-O 18.Bxf6 gxf6 19.Ng3 Kg7 20.Qe3 d5 21.c5 Qc7 22.b4 h5
23.Bxg6 Kxg6 24.Qd3+ f5 25.Ne2 Kf6 26.a4 Ng6 27.Kh1 Rg8 28.Qd2 Rg7 29.Rg1 Rag8
30.Raf1 Rh8 31.Rf2 h4 32.f4 Ke7 33.b5 axb5 34.axb5 Ra8 35. Qb4 Kd7 36.Rc1 Ne7
37.h3 Ra2 38.Qc3 Rg3 39.Nxg3 Rxf2 40.Nh5 Ra2 41.Ra1 Rxa1+ 42.Qxa1 Ng8 43.Qa8
Qc8 44.Qa7 Qc7 45.c6+ bxc6 46.b6 1-0

[Event "DVM U20 2016"]
[Site "Borken-Gemen GER"]
[Date "2016.12.28"]
[Round "3"]
[White "Bui, Bao Anh Le"]
[Black "Nguyen Dang, Huy Duc"]
[Result "1-0"]
[Termination "normal"]
[Board "7.3"]
[WhiteElo "1763"]
[BlackElo "1803"]
[WhiteTeam "SV Mattnetz Berlin"]
[BlackTeam "SK König Plauen"]
[PlyCount "107"]
[WhiteFideId "12970719"]
[BlackFideId "12922846"]
[EventCountry "GER"]
[EventRounds "7"]
[EventType "team-swiss"]
[EventDate "2016.12.26"]

1.e4 c5 2.Nf3 d6 3.d4 cxd4 4.Nxd4 Nf6 5.Nc3 a6 6.Be3 Ng4 7.Bg5 h6 8.Bh4 g5
9.Bg3 Bg7 10.Be2 Ne5 11.Nf3 Nbc6 12.h4 Nxf3+ 13.Bxf3 Be6 14.hxg5 hxg5 15. Rxh8+
Bxh8 16.Qd2 Bf6 17.a3 Rc8 18.Rd1 Qa5 19.Nd5 Qxd2+ 20.Kxd2 Bxd5 21. exd5 Ne5
22.Bxe5 Bxe5 23.c3 Rc5 24.g3 Kf8 25.Kd3 Rc8 26.Bg4 Rc7 27.Re1 Kg7 28.Bf5 Kf6
29.Be4 a5 30.a4 e6 31.Rh1 exd5 32.Bxd5 b6 33.Rh8 Ra7 34.Rb8 Ke7 35.Rxb6 f5
36.Kc4 Rc7+ 37.Kd3 Rc5 38.Rb5 Kf6 39.Rxc5 dxc5 40.Kc4 Bc7 41. Kxc5 f4 42.gxf4
gxf4 43.b4 axb4 44.cxb4 Ke7 45.Kc6 Kd8 46.Kb7 Bd6 47.b5 Bb4 48.Kb6 Bc3 49.f3
Kc8 50.a5 Kb8 51.Ka6 Bd4 52.b6 Be3 53.Kb5 Bd4 54.a6 1-0

[Event "DVM U20 2016"]
[Site "Borken-Gemen GER"]
[Date "2016.12.28"]
[Round "3"]
[White "Karl, Binh"]
[Black "Klodt, Daniel"]
[Result "1/2-1/2"]
[Termination "normal"]
[Board "7.4"]
[WhiteElo "1761"]
[BlackElo "1741"]
[WhiteTeam "SK König Plauen"]
[BlackTeam "SV Mattnetz Berlin"]
[PlyCount "112"]
[WhiteFideId "12922862"]
[BlackFideId "12938068"]
[EventCountry "GER"]
[EventRounds "7"]
[EventType "team-swiss"]
[EventDate "2016.12.26"]

1.e4 e6 2.d4 d5 3.Nc3 Bb4 4.exd5 exd5 5.Bd3 Nf6 6.Bd2 O-O 7.Nge2 Re8 8.O-O Bg4
9.f3 Be6 10.a3 Bf8 11.Re1 c5 12.Bb5 Bd7 13.Bg5 Qb6 14.Bxd7 Nbxd7 15. Bxf6 Nxf6
16.Na4 Qa5 17.Nxc5 Bxc5 18.dxc5 Qxc5+ 19.Kf1 Rac8 20.c3 Qc4 21. Qd2 Nd7 22.Rad1
Nb6 23.Qc2 Re6 24.Rd4 Qb5 25.b3 Rce8 26.a4 Qc6 27.Qd2 Re5 28.a5 Nd7 29.c4 Nf6
30.Qb4 Qe6 31.Qd2 dxc4 32.bxc4 Qf5 33.Rf4 Qh5 34.Kg1 Rxa5 35.Ng3 Rxe1+ 36.Qxe1
Qe5 37.Qxe5 Rxe5 38.Kf2 Kf8 39.Rd4 Ke7 40.f4 Rc5 41.Kf3 g6 42.Ne2 Nd7 43.Re4+
Kf6 44.g4 h6 45.h4 g5 46.hxg5+ hxg5 47.fxg5+ Kxg5 48.Re7 Rc7 49.Nf4 Rxc4
50.Nh3+ Kh4 51.Rxd7 Kxh3 52.Rxb7 Rxg4 53.Rxf7 Rg3+ 54.Ke2 a5 55.Ra7 Ra3 56.Kd2
a4 1/2-1/2

[Event "DVM U20 2016"]
[Site "Borken-Gemen GER"]
[Date "2016.12.28"]
[Round "3"]
[White "Schauties, Nico Antonio"]
[Black "Helmrich, Daniel"]
[Result "1/2-1/2"]
[Termination "normal"]
[Board "7.5"]
[WhiteElo "1641"]
[BlackElo "1712"]
[WhiteTeam "SV Mattnetz Berlin"]
[BlackTeam "SK König Plauen"]
[PlyCount "66"]
[WhiteFideId "16206371"]
[BlackFideId "12956767"]
[EventCountry "GER"]
[EventRounds "7"]
[EventType "team-swiss"]
[EventDate "2016.12.26"]

1.d4 Nf6 2.c4 e6 3.Nc3 Bb4 4.Nf3 O-O 5.Bf4 d5 6.e3 c5 7.dxc5 Ne4 8.Qc2 Qa5
9.Rc1 Qxa2 10.Bd3 Bxc3+ 11.bxc3 Qxc2 12.Bxc2 Na6 13.cxd5 exd5 14.Nd2 Naxc5
15.f3 Nxd2 16.Kxd2 Rd8 17.Rhd1 Be6 18.Ke2 Rd7 19.Rd2 a5 20.Ra1 a4 21.Rd4 b5
22.Rb4 Ra5 23.Rab1 Rb7 24.Bd6 Na6 25.Rxa4 bxa4 26.Rxb7 a3 27.Bb4 a2 28. Re7 g6
29.Re8+ Kg7 30.Bf8+ Kf6 31.Be7+ Kg7 32.Bf8+ Kf6 33.Be7+ Kg7 1/2-1/2

[Event "DVM U20 2016"]
[Site "Borken-Gemen GER"]
[Date "2016.12.28"]
[Round "3"]
[White "Nguyen Dang, Lukas"]
[Black "Klodt, Nicolas"]
[Result "1-0"]
[Termination "normal"]
[Board "7.6"]
[WhiteElo "1794"]
[BlackElo "1653"]
[WhiteTeam "SK König Plauen"]
[BlackTeam "SV Mattnetz Berlin"]
[PlyCount "91"]
[WhiteFideId "12957135"]
[BlackFideId "12910490"]
[EventCountry "GER"]
[EventRounds "7"]
[EventType "team-swiss"]
[EventDate "2016.12.26"]

1.e4 e5 2.Nf3 Nc6 3.Bc4 Bc5 4.c3 Nf6 5.d4 exd4 6.cxd4 Bb4+ 7.Nc3 O-O 8.O-O Bxc3
9.bxc3 Nxe4 10.Qc2 d5 11.Bd3 Re8 12.Re1 Nf6 13.Bg5 Be6 14.Bxh7+ Kh8 15.Rab1 b6
16.Bd3 Rg8 17.Qd2 Nb8 18.Qf4 Re8 19.Qh4+ Kg8 20.Ne5 Kf8 21.Qh8+ Ke7 22.Qxg7 Kd6
23.Bxf6 Qc8 24.Nxf7+ Bxf7 25.Qxf7 Rxe1+ 26.Rxe1 Kc6 27. Qe8+ Nd7 28.Qxc8 Rxc8
29.Bf5 Rf8 30.Bxd7+ Kxd7 31.Be5 c5 32.h4 Rf5 33.g4 Rf3 34.Re3 Rxe3 35.fxe3 Ke6
36.h5 Kf7 37.g5 cxd4 38.exd4 a5 39.g6+ Kg8 40. h6 b5 41.h7+ Kf8 42.h8=Q+ Ke7
43.Qf6+ Kd7 44.Qd6+ Ke8 45.Bf6 b4 46.Qe7# 1-0

[Event "DVM U20 2016"]
[Site "Borken-Gemen GER"]
[Date "2016.12.28"]
[Round "3"]
[White "Holtel, Jasper"]
[Black "Kieslich, Aaron"]
[Result "1/2-1/2"]
[Termination "normal"]
[Board "8.1"]
[WhiteTitle "FM"]
[WhiteElo "2236"]
[BlackElo "2062"]
[WhiteTeam "SK Münster"]
[BlackTeam "TuS Coswig"]
[PlyCount "71"]
[WhiteFideId "12956376"]
[BlackFideId "1270391"]
[EventCountry "GER"]
[EventRounds "7"]
[EventType "team-swiss"]
[EventDate "2016.12.26"]

1.e4 c5 2.Nf3 d6 3.Bb5+ Bd7 4.Bxd7+ Qxd7 5.c4 Nc6 6.d4 cxd4 7.Nxd4 g6 8. Be3
Bg7 9.Nc3 Nf6 10.f3 Rc8 11.b3 a6 12.a4 Qd8 13.O-O Nd7 14.Rb1 Nxd4 15. Bxd4
Bxd4+ 16.Qxd4 Qb6 17.Qxb6 Nxb6 18.Kf2 e6 19.Rfd1 Ke7 20.Rd2 Rhd8 21. Ke2 Nd7
22.Kd1 f5 23.Kc2 Nf6 24.Kb2 fxe4 25.fxe4 Rc5 26.Rf1 Rf8 27.Rdf2 Nd7 28.Rxf8
Nxf8 29.Kc2 Nd7 30.h3 Rg5 31.Rf2 Nf6 32.g4 h5 33.gxh5 gxh5 34. Rd2 Rg3 35.Rd3
Rg2+ 36.Rd2 1/2-1/2

[Event "DVM U20 2016"]
[Site "Borken-Gemen GER"]
[Date "2016.12.28"]
[Round "3"]
[White "Kunath, Tim"]
[Black "Austrup, David"]
[Result "1/2-1/2"]
[Termination "normal"]
[Board "8.2"]
[WhiteElo "1893"]
[BlackElo "1967"]
[WhiteTeam "TuS Coswig"]
[BlackTeam "SK Münster"]
[PlyCount "32"]
[WhiteFideId "12985074"]
[BlackFideId "12996890"]
[EventCountry "GER"]
[EventRounds "7"]
[EventType "team-swiss"]
[EventDate "2016.12.26"]

1.e4 c5 2.Nf3 d6 3.d4 cxd4 4.Nxd4 Nf6 5.Nc3 g6 6.Be3 Bg7 7.f3 O-O 8.Qd2 Nc6
9.g4 Be6 10.Nxe6 fxe6 11.O-O-O Ne5 12.Be2 Qc8 13.Bd4 Nc6 14.Be3 Ne5 15.Bd4 Nc6
16.Be3 Ne5 1/2-1/2

[Event "DVM U20 2016"]
[Site "Borken-Gemen GER"]
[Date "2016.12.28"]
[Round "3"]
[White "Haberkamp, Carl"]
[Black "von Koslowski, Utz"]
[Result "1/2-1/2"]
[Termination "normal"]
[Board "8.3"]
[WhiteElo "1919"]
[BlackElo "1965"]
[WhiteTeam "SK Münster"]
[BlackTeam "TuS Coswig"]
[PlyCount "56"]
[WhiteFideId "12959766"]
[BlackFideId "12964247"]
[EventCountry "GER"]
[EventRounds "7"]
[EventType "team-swiss"]
[EventDate "2016.12.26"]

1.d4 Nf6 2.c4 e6 3.g3 d5 4.Nf3 b6 5.cxd5 exd5 6.Bg2 Bb7 7.O-O Be7 8.Nc3 O-O
9.Bf4 Na6 10.Rc1 Ne4 11.Nxe4 dxe4 12.Ne5 c5 13.dxc5 Nxc5 14.Nc4 Qxd1 15.Rfxd1
Rad8 16.Bd6 Bxd6 17.Nxd6 Ba6 18.Rd2 f5 19.b4 Nb7 20.Rcd1 Nxd6 21. Rxd6 Rxd6
22.Rxd6 Bxe2 23.Bf1 Bxf1 24.Kxf1 Rc8 25.Rd7 Rc1+ 26.Kg2 Rc2 27. Rxa7 e3 28.Kf3
e2 1/2-1/2

[Event "DVM U20 2016"]
[Site "Borken-Gemen GER"]
[Date "2016.12.28"]
[Round "3"]
[White "von Koslowski, Wilhelm"]
[Black "Baumann, Eva"]
[Result "1/2-1/2"]
[Termination "normal"]
[Board "8.4"]
[WhiteElo "1509"]
[BlackElo "1620"]
[WhiteTeam "TuS Coswig"]
[BlackTeam "SK Münster"]
[PlyCount "140"]
[WhiteFideId "12985147"]
[BlackFideId "12998788"]
[EventCountry "GER"]
[EventRounds "7"]
[EventType "team-swiss"]
[EventDate "2016.12.26"]

1.e4 e5 2.Nf3 Nc6 3.d4 exd4 4.Nxd4 Nf6 5.Nc3 Bb4 6.Nxc6 bxc6 7.Bd3 d5 8. exd5
cxd5 9.O-O O-O 10.Bg5 c6 11.Qf3 Be6 12.Ne2 Rb8 13.c3 Be7 14.b3 Bg4 15.Qf4 Bxe2
16.Bxe2 Nh5 17.Bxh5 Bxg5 18.Qd4 Qc7 19.Rfe1 Rfe8 20.Bf3 Re7 21.g3 Rbe8 22.Kf1
Qa5 23.Rxe7 Rxe7 24.b4 Qa6+ 25.Kg2 Bf6 26.Qc5 Qb6 27. Qxb6 axb6 28.Rc1 Rc7
29.a4 Kf8 30.b5 cxb5 31.axb5 Rc5 32.Rd1 Rxb5 33.Rxd5 Rxd5 34.Bxd5 Bxc3 35.Bc4
Ke7 36.Kf3 Bd4 37.Ke2 f6 38.f3 Kd6 39.Kd3 Kc5 40. g4 Be5 41.h3 b5 42.Bg8 h6
43.Kc2 Kd4 44.h4 h5 45.Bf7 hxg4 46.fxg4 b4 47. Kb3 Bd6 48.Bg6 Ke5 49.h5 Kf4
50.Bf5 Kg5 51.Be6 Kh6 52.Bf5 Bf8 53.Bg6 Kg5 54.Bf5 Be7 55.Be6 Kh6 56.Bf5 Bd6
57.Be6 Bc5 58.Bf5 Kg5 59.Be6 g6 60.hxg6 Kxg6 61.Bf5+ Kg5 62.Be6 Kf4 63.Bf5 Ke3
64.Be6 Kd4 65.Bf5 Bd6 66.Be6 Kc5 67.Bf5 Be5 68.Be6 Bc3 69.Bf5 Kd5 70.Bd7 Kd6
1/2-1/2

[Event "DVM U20 2016"]
[Site "Borken-Gemen GER"]
[Date "2016.12.28"]
[Round "3"]
[White "Mallon, Frederik"]
[Black "Hungeling, David"]
[Result "1-0"]
[Termination "normal"]
[Board "8.6"]
[WhiteElo "1427"]
[BlackElo "1513"]
[WhiteTeam "TuS Coswig"]
[BlackTeam "SK Münster"]
[PlyCount "65"]
[WhiteFideId "12985104"]
[BlackFideId "16222440"]
[EventCountry "GER"]
[EventRounds "7"]
[EventType "team-swiss"]
[EventDate "2016.12.26"]

1.d4 e6 2.c4 d5 3.Nc3 Nf6 4.Bg5 Bb4 5.a3 Bxc3+ 6.bxc3 O-O 7.e3 Re8 8.Bd3 h6
9.Bf4 Nbd7 10.Nf3 Nb6 11.c5 Nbd7 12.O-O c6 13.Rb1 b6 14.Qa4 Bb7 15.Rb2 b5
16.Bxb5 cxb5 17.Qxb5 Bc8 18.Qc6 Qa5 19.Qxa8 Qxc3 20.Rfb1 Ba6 21.Rb3 Qc2 22.Qxa7
Bc4 23.R3b2 Qc3 24.c6 Nf8 25.Ne5 Rc8 26.Qb7 Re8 27.c7 Ba6 28.Qxa6 Qxc7 29.Qb7
Qc3 30.Qxf7+ Kh7 31.Rb7 N8d7 32.Nxd7 Nh5 33.Nf6+ 1-0